| 000 | 00717nam a2200217Ia 4500 | ||
|---|---|---|---|
| 005 | 20260401154402.0 | ||
| 008 | 210716s2011 xx 000 0 und d | ||
| 020 | _a9780070656802 | ||
| 040 | _cAIMIT LIBRARY | ||
| 041 | _aeng | ||
| 082 |
_a658.421 _22nd _bLEOA |
||
| 100 |
_aLeon, Alexis. _966867 |
||
| 245 |
_aEnterprise resource planning / _cBy Alexis Leon |
||
| 250 | _a2nd ed. | ||
| 260 |
_aNew Delhi : _bTata McGraw Hill Publishing Company , _c2011. |
||
| 300 |
_axvii,370p. ; _c24 cm. _bPB |
||
| 650 |
_aERP marketplace and functional modules _966868 |
||
| 650 |
_aERP Implementation _966869 |
||
| 650 |
_aSuccess and failure factors of an ERP Implementation _966870 |
||
| 942 |
_2ddc _cBK _e2nd _k658.421 LEOA |
||
| 999 |
_c193838 _d193838 |
||